zpět

Detail výsledku týmu

Hospoda U Stolínů, Nový Bydžov

Datum a čas kvízu

24.5 Celkem bodů Celkový počet nahraných bodů na tomto kvízu bez doplňovacích otázek.
4. Pořadí na kvízu Konečné umístění týmu na tomto kvízu.

Zaznamenané odpovědi

# Otázka Odpověď Body Výsledky
1. Na radnici městské části Brno-... o hlasovací zařízení 1
2. Výuka sexuální výchovy a osvět... Polsko 1
3. Ve čtvrtek měla v našich kinec... Ženská na vrcholu 1
4. Vývojáři jisté sociální sítě,... TikTok 0
5. V sobotu nastoupili k ostře sl... Karlos Vémola, Attila Végh 1
6. V období nadcházející zimy a v... rozpustné v tucích a rozpustné ve vodě 0
7. Za vitamíny se považují látky,... vitamín D (kalciferol) 1
8. Jedním z nejprodávanějších dop... morče 1
9. Který z vitamínů se označuje t... vitamín A 0
10. Vitamín B3 se chemicky nazývá... nikotinová 0